| 000 | 00616nam a2200193Ia 4500 | ||
|---|---|---|---|
| 005 | 20250923145137.0 | ||
| 008 | 008 250917s9999 xx 000 0 eng d | ||
| 037 | _aTextual | ||
| 040 |
_aDSWL _beng _cDSWL |
||
| 041 |
_aeng _2eng |
||
| 084 | _qDSWL | ||
| 245 | 0 |
_aReport of National Seminar on camping (28-30 Nov,1968) _cby Central Institute of Research & Training in Public Co-operation |
|
| 260 |
_aNew Delhi _b Central Institute of Research & Training in Public Co-operation _c1968 |
||
| 300 | _aix,277p. | ||
| 365 |
_aINR _b2.00 |
||
| 925 | _g2.00 | ||
| 942 | _cTEXL | ||
| 999 |
_c1447688 _d1447688 |
||